Digital Electronics: Principles and integrated circuits (Record no. 13544)

000 -LEADER
fixed length control field 00415nam a22001337a 4500
020 ## - INTERNATIONAL STANDARD BOOK NUMBER
International Standard Book Number 9788126514663
082 ## - DEWEY DECIMAL CLASSIFICATION NUMBER
Classification number 621.381MAI
100 ## - MAIN ENTRY--PERSONAL NAME
Personal name Anil K. Maini
245 ## - TITLE STATEMENT
Title Digital Electronics: Principles and integrated circuits
260 ## - PUBLICATION, DISTRIBUTION, ETC.
Place of publication, distribution, etc. New Delhi
Name of publisher, distributor, etc. Wiley
Date of publication, distribution, etc. 2014
300 ## - PHYSICAL DESCRIPTION
Extent 584p.
Other physical details ill.;
650 ## - SUBJECT ADDED ENTRY--TOPICAL TERM
Topical term or geographic name entry element Digital electronics
-- Electronic circuits
-- Arithmetic circuits
-- Microprocessors
-- Conversion circuits
942 ## - ADDED ENTRY ELEMENTS (KOHA)
Koha item type Book
Holdings
Withdrawn status Lost status Damaged status Not for loan Collection code Permanent Location Current Location Shelving location Date acquired Source of acquisition Cost, normal purchase price Total Checkouts Total Renewals Full call number Barcode Date last seen Date last checked out Price effective from Koha item type
          Central Library (CL) Central Library (CL) General Stacks 04/15/2016 Allied Book Company 716.58 1 1 621.381MAI SEECS013427 09/30/2024 10/27/2021 04/16/2016 Book
© 2023 Central Library, National University of Sciences and Technology. All Rights Reserved.